Statistiche per In quale Oceano si trova l'Isola? - Quiz n°2

Clicka qui per fare il quiz!

Statistiche generali

  • Questo quiz è stato fatto 16 volte
    (5 dall'ultimo reset)
  • Il punteggio medio è 5 su 10

Statistiche sulle risposte

HintRisposta% Corretto
Gran BretagnaOceano Atlantico
100%
CubaOceano Atlantico
75%
Long IslandOceano Atlantico
75%
Nuova GuineaOceano Pacifico
75%
MauritiusOceano Indiano
50%
HokkaidōOceano Pacifico
50%
KyūshūOceano Pacifico
50%
Isola di PasquaOceano Pacifico
50%
Georgia del SudOceano Atlantico
0%
CeylonOceano Indiano
0%

Distribuzione punteggi

Percentile per numero di risposta

Percentuale di utenti per punteggio

I tuoi punteggi nel tempo

Non hai fatto questo quiz dall'ultimo reset